MARC

LEADER 00000nam a2200000Ia 4500
001
008 160829s9999 xx 000 0 cat d
245 |a Primer curso de auxiliares psiquiátricos 
260 |a San Jorge, núm. 84 (4t trimestre 1971), pàg. 160 
610 2 0 |a Clínica Mental (Santa Coloma de Gramenet, Catalunya)  |9 54649 
650 |a Auxiliars psiquiàtrics   |9 41528 
650 |a Cursos  |9 21408 
901 |a Arxiu 
942 |n 1 
952 |0 0  |1 0  |4 0  |7 1  |9 50244  |a Arxiu  |b Arxiu  |d 2016-12-01  |l 0  |r 2016-12-01 00:00:00  |w 2016-12-01  |y ARXIU 
999 |c 54086  |d 54086